1019 1426 1462 1283 1789 1792 1524 1326 1212 1955 1914 1248 1946 1480 1896 1676 1688 1190 1485 1379 1160 1981 1093 1321 1829 1628 1430 1372 1203 1181 1792 1013 1959 1629 1677 1717 1180 1521 1004 1579 1118 1575 1083 1925 1800 1384 1963 1070 1601 1365 1708 1114 1780 1160 1477 1617 1946 1143 1139 1315 1174 1530 1098 1059 1299 1977 1505 1894 1727 1068 1794 1800 1878 1769 1011 1957 1784 1324 1087 1581 1807 1393 1650 1597 1342 1581 1351 1875 1323 1246 1727 1522 1690 1392 1229 1163 1531 1348 1845 BCNSPRNW ULIB Ver.6.0+V

เปลี่ยนเป็นภาษาไทย

Change to English
 แสดงรายละเอียดบรรณานุกรม
  กลับหน้าหลัก

Brief Record : Get Marc (ISO 2709) : E-mail record : QR code < ปิดหน้าต่าง
LEADER : 00000nam 2200000uu 4500
001    13399109831
003     ULIB
008    110303s2539||||th 000 0 tha d
020    9747762781
060 04 WC503.7^bก169ค ล.1 2539
110 1  กระทรวงสาธารณสุข^bกรมสุขภาพจิต
245 00 คู่มือการฝึกอบรมการให้คำปรึกษาเรื่องโรคเอดส์ เล่มที่1 /^cกรมสุขภาพจิต
260    [นนทบุรี] :^bกรมสุขภาพจิต,^c2539
300    23 หน้า
650  7 การให้คำปรึกษา
650  7 โรคเอดส์
945    ^p0^l0^i029160
995    ทศพร
999 ^a ใช้งานได้ทุกระบบ
รายการนี้ยังไม่มีแท็ก
คุณยังไม่ได้ล็อกอิน คุณสามารถมีกิจกรรมร่วมกับเว็บไซต์ได้ แต่ต้องล็อกอินก่อน ::
  ล็อกอิน

รายการสื่อสารสนเทศ

ลำดับที่ ประเภท เลขเรียก/บาร์โค้ด สถานที่ สถานะ
- ไม่พบข้อมูล -

รายการใกล้เคียง
    หัวเรื่อง [การให้คำปรึกษา]
    หัวเรื่อง [โรคเอดส์]

BibComment


ยังไม่เคยถูกคอมเมนท์

คอมเมนท์ทรัพยากรรายการนี้
  คอมเมนท์: คู่มือการฝึกอบรมก..


 Copyright 2026. Bcnsprnw @Library